000 01128cam a2200301 a 4500
999 _c1754
_d1754
001 13145144
005 20181011100625.0
008 030402s2003 nyua 001 0 eng
010 _a 2003049614
020 _a0764119788
040 _aDLC
_cDLC
_dDLC
050 0 0 _aQD 41 .M378 2003
_b.M378 2003
082 0 0 _a540/.76
_221
100 1 _aMascetta, Joseph A.
245 1 0 _aChemistry:
_cJoseph A. Mascetta.
_bThe easy way/
250 _a4th ed.
260 _aHauppauge, N.Y. :
_bBarron's,
_cc2003.
300 _axi, 475 p.:
_bill.;
_c28 cm.
490 1 _aEasy way series
504 _aIncludes index.
650 0 _aChemistry
_vOutlines, syllabi, etc.
650 0 _aChemistry
_vExaminations, questions, etc.
830 0 _aEasy way.
856 4 2 _3Publisher description
_uhttp://www.loc.gov/catdir/description/barrons041/2003049614.html
906 _a7
_bcbc
_corignew
_d1
_eocip
_f20
_gy-gencatlg
942 _2lcc
_cBOOKS
_hQD 41 .M378 2003
_01